| 000 | 01037cam a2200241 4500 | ||
|---|---|---|---|
| 001 | ABS68353 | ||
| 008 | 041029n2004 000 0 eng u | ||
| 035 | _a(Sirsi) u127876 | ||
| 100 | _aLawson, D. | ||
| 245 | _aSpecial report: property software and technology | ||
| 260 | _c2004 | ||
| 490 |
_aProperty Week _v69(42) 15 October 2004, 59-70(6) |
||
| 520 | _a"Information overload" reports how property software could be heading for overload with the weight of information needed for trading in the age of REITs and considers some possible software solutions. "The techno files: what's new at PCS Expo" highlights the latest software stalls at PCS Expo. "The human factor" reports that computer networks are only ever as efficient as the management systems on which they are based. | ||
| 590 | _aABS | ||
| 590 | _aABS | ||
| 650 | _aPROPERTY SOFTWARE | ||
| 650 | _aREITS | ||
| 650 | _aMANAGEMENT SYSTEMS | ||
| 650 | _aCOMPUTER NETWORKS | ||
| 650 | _aINFORMATION SYSTEMS | ||
| 690 | _aINFORMATION TECHNOLOGY | ||
| 942 | _n0 | ||
| 999 |
_c118256 _d118256 |
||